Los paganos modernos, conferencia leida en el Club de Amigos del País. Por Don Abdón Cifuentes

Uloženo v:
Podrobná bibliografie
Hlavní autor: Cifuentes, Abdón (Autor)
Médium: Kniha
Jazyk:španělština
Vydáno: Santiago Imprenta de El Independiente, calle de la Compañía, núm. 102 1872
Vydání:1a. ed
Témata:
Tagy: Přidat tag
Žádné tagy, Buďte první, kdo vytvoří štítek k tomuto záznamu!

MARC

LEADER 00000nam a2200000 a 4500
001 UCJ6223
003 CL-VaPUC
008 070124e18720000CL |||||||||||||||||spa|d
082 0 4 |a 261  |b CIF  |2 21 
100 0 |a Cifuentes, Abdón  |e author  |9 345269 
245 1 4 |a Los paganos modernos, conferencia leida en el Club de Amigos del País. Por Don Abdón Cifuentes 
250 |a 1a. ed 
300 |a 58 p 
942 |c BK 
945 |d 20070124 00:00:00  |a rinostro 
260 |a Santiago  |b Imprenta de El Independiente, calle de la Compañía, núm. 102  |c 1872 
500 |a Empastado junto a otros escritos en un volumen rotulado La Religión y la Política, ubicado en 261 CIF 
650 0 |a Viajes  |9 257115 
650 0 |a Masonería   |9 256238 
650 0 |a Iglesia Católica  |9 256114 
650 0 |a Liberalismo  |9 255715 
651 0 |a Italia  |9 254949 
583 |a last modification  |c 20070124 00:00:00  |k Rodrigo Vera 
999 |c 322331  |d 322329 
952 |0 0  |1 0  |4 0  |6 261_000000000000000_CIF_1872  |7 0  |8 X  |9 401298  |a FDOBUD  |b FDOBUD  |d 2019-11-22  |i 104494K  |o 261 CIF 1872  |p 104494K  |r 2019-11-22  |w 2019-11-22  |y BK_X  |k BUD